000 01048nam a2200217 i 4500
001 151038
003 ES-MaACL
005 20250826083217.0
007 t|
008 071203s1906 sp ||||1| spa d
111 2 _aCongreso Internacional Algodonero (
_n3º.
_d1906.
_cBremen)
_9400
245 1 0 _aMemoria del congreso celebrado en Bremen los días 25 al 29 de junio de 1906 /
_credactada por los congresistas D. Eduardo Calvet... [et al.] ; y leída en sesión pública en el Fomento del Trabajo Nacional por D. Eduardo Calvet.
260 _aBarcelona :
_b[s.n.],
_c1906 (
_fTipografía José Sabaté)
300 _a206 p. ;
_c23 cm.
500 _aPrecede al tít.: Agrupaciones de Hiladores y Tejedores del Fomento del Trabajo Nacional, adheridas a la Federación Internacional de Asociaciones de Industriales Algodoneros.
650 1 4 _aIndustria algodonera-
_vCongresos.
_913718
700 1 _aCalvet, Eduardo.
_933806
710 2 _aFomento del Trabajo Nacional (Cataluña)
_94136
852 _aES-MaACL
_jG-5181
999 _c151038
_d151038